[Event "January Lviv Tradition IM"]
[Site "Lviv UKR"]
[Date "2015.01.27"]
[Round "1.1"]
[White "Sabuk, Piotr"]
[Black "Shkuran, Daniil"]
[Result "1/2-1/2"]
[BlackTitle "IM"]
[WhiteElo "2347"]
[BlackElo "2386"]
[WhiteFideId "1137565"]
[BlackFideId "14106248"]
[EventDate "2015.01.27"]

1. d4 Nf6 2. c4 g6 3. Nc3 Bg7 4. e4 d6 5. Nf3 O-O 6. h3 e5 7. d5 Nh5 8. g3 Qe8
9. Be2 f5 10. exf5 gxf5 11. Nh4 Nf6 12. Qc2 Na6 13. Be3 f4 14. gxf4 exf4 15. Bd4
Nb4 16. Qd2 c5 17. dxc6 Nxc6 18. Rg1 Kh8 19. O-O-O Nxd4 20. Qxd4 Ng4 21. Qxd6
Be5 22. Qc5 b6 23. Qd5 Nxf2 24. Rde1 Bxh3 25. Bf3 Rd8 26. Rxe5 Nd3+ 27. Qxd3
Rxd3 28. Rxe8 Rxe8 29. Bd5 Rde3 30. Nf3 Be6 31. Nd4 Bxd5 32. cxd5 f3 33. Kd2 b5
34. Ndxb5 f2 35. Rf1 Rf3 36. Nxa7 h5 37. Nc6 Rf6 38. Nd1 Rf5 39. Nb4 Ref8 40.
Nd3 Rxd5 41. Rxf2 Rfd8 42. Rf3 h4 43. Nf2 Rg8 44. Ke3 Rg1 45. Nf4 Re1+ 46. Ne2
Re5+ 47. Ne4 Rxe4+ 48. Kxe4 Rxe2+ 49. Kf5 Rxb2 50. a3 Kg7 51. Kg4 Ra2 52. Kxh4
Kg6 53. Kg4 Ra1 54. Kg3 Ra2 55. Kh4 Ra1 56. Kg4 Ra2 57. Kf4 Kf6 58. Ke4+ Ke6 59.
Kd4 Kd6 60. Re3 Kc6 61. Kc4 1/2-1/2

[Event "January Lviv Tradition IM"]
[Site "Lviv UKR"]
[Date "2015.01.30"]
[Round "7.5"]
[White "Walter, Szymon"]
[Black "Buksa, Nataliya"]
[Result "1-0"]
[BlackTitle "WFM"]
[WhiteElo "2141"]
[BlackElo "2127"]
[WhiteFideId "1172590"]
[BlackFideId "14123622"]
[EventDate "2015.01.27"]

1. e4 c5 2. Nf3 d6 3. d4 cxd4 4. Nxd4 Nf6 5. Nc3 a6 6. h3 e5 7. Nde2 h5 8. Bg5
Be6 9. f4 Be7 10. f5 Bc4 11. Ng3 Bxf1 12. Rxf1 Nbd7 13. Qf3 Rc8 14. O-O-O Rc5
15. Rd3 b5 16. Rfd1 h4 17. Nf1 b4 18. Bxf6 bxc3 19. Bxe7 cxb2+ 20. Kb1 Qxe7 21.
Rxd6 Nf6 22. Rd8+ Qxd8 23. Rxd8+ Kxd8 24. Qe3 Rc7 25. Nd2 Ke7 26. Qa3+ Kd7 27.
Qd3+ Ke7 28. Nc4 Rhc8 29. Qa3+ Rc5 30. Nb6 Rc6 31. Na4 Nxe4 32. Qb4 Nc3+ 33.
Nxc3 Kd7 34. Qg4 Kc7 35. Na4 Rc4 36. Qxg7 Rxa4 37. Qxf7+ Kb6 38. Qb3+ Ka5 39.
Qd5+ Kb6 40. Qxe5 Rac4 41. f6 Rxc2 42. f7 Rxg2 43. Qe3+ Ka5 44. f8=Q Rc1+ 45.
Qxc1 bxc1=Q+ 46. Kxc1 Rg1+ 47. Kc2 Rg2+ 48. Kb3 Rg3+ 49. Kc4 Kb6 50. Qf6+ Ka5
51. Qxh4 Rg7 52. Qe1+ Kb6 53. Qe3+ Kb7 54. Qe4+ Kc8 55. Qa8+ 1-0